000 00863cab a2200253 4500
001 WB3018-05
008 090401t1994 xxu||||| |||| 00| 0 eng d
035 _a(Sirsi) u47096
041 _aeng
245 _aBonds
260 _c1994
350 _a0
490 _aCSM (Chartered Surveyor Monthly)
_v3 (8) May 1994, 4(1)
520 _aA CA decision, that Trafalgar House was entitled to payment of a bond on the grounds that it was an on-demand bond and not a guarantee, will have profound implications for all who give or receive bonds.
650 _aBONDS
650 _aGUARANTEES
650 _aON-DEMAND BOND
650 _aSURETY BONDS
650 _aTRADE INDEMNITY
650 _aTRAFALGAR HOUSE CONSTRUCTION(REGIONS) LTD V GENERAL SURETY AND GUARANT
690 _aBUILT ENVIRONMENT-BUILDING CONTRACT FORMS
942 _n0
948 _c04/03/1997
999 _c29703
_d29703